书目信息 |
| 题名: |
季羡林谈国学
|
|
| 作者: | 季羡林 著 | |
| 分册: | ||
| 出版信息: | 上海 华东师范大学出版社 2016 |
|
| 页数: | 279页 | |
| 开本: | 21cm | |
| 丛书名: | 季羡林精品集 | |
| 单 册: | ||
| 中图分类: | Z126.27 | |
| 科图分类: | ||
| 主题词: | 国学--guo xue--研究 | |
| 电子资源: | ||
| ISBN: | 978-7-5675-4363-8 | |
| 000 | 00855nam0 22002531 450 | |
| 001 | 0119165232 | |
| 005 | 20170619165232.0 | |
| 010 | @a978-7-5675-4363-8@dCNY32.00 | |
| 100 | @a20160727d2016 em y0chiy50 ea | |
| 101 | 0 | @achi |
| 102 | @aCN@b310000 | |
| 105 | @ay z 000yy | |
| 106 | @ar | |
| 200 | 1 | @a季羡林谈国学@9ji xian lin tan guo xue@f季羡林著 |
| 210 | @a上海@c华东师范大学出版社@d2016 | |
| 215 | @a279页@d21cm | |
| 225 | 2 | @a季羡林精品集@9ji xian lin jing pin ji |
| 330 | @a本书内容包括国学漫谈、对国学研究的几点看法、21世纪国学研究瞻望、略说中国传统文化及其特点、中国文化的内涵、国外中国学研究、传统文化与现代化等。 | |
| 461 | 0 | @12001 @a季羡林精品集 |
| 606 | 0 | @a国学@9guo xue@x研究 |
| 690 | @aZ126.27@v5 | |
| 701 | 0 | @a季羡林@9ji xian lin@f(1911~2009)@4著 |
| 801 | 0 | @aCN@b百万庄@c20170616 |
| 905 | @b1010625-30@dZ126.27@e131@f6 | |
| 季羡林谈国学/季羡林著.-上海:华东师范大学出版社,2016 |
| 279页;21cm.-(季羡林精品集) |
| ISBN 978-7-5675-4363-8:CNY32.00 |
| 本书内容包括国学漫谈、对国学研究的几点看法、21世纪国学研究瞻望、略说中国传统文化及其特点、中国文化的内涵、国外中国学研究、传统文化与现代化等。 |
| ● |
| 相关链接 |
|
|
|
|
正题名:季羡林谈国学
索取号:Z126.27/131
 
预约/预借
| 序号 | 登录号 | 条形码 | 馆藏地/架位号 | 状态 | 备注 |
| 1 | 1010625 | 210106259 | 第二样本阅览室/ [索取号:Z126.27/131] | 在馆 | |
| 2 | 1010626 | 210106268 | 教育系资料室/ [索取号:Z126.27/131] | 在馆 | |
| 3 | 1010627 | 210106277 | 教育系资料室/ [索取号:Z126.27/131] | 在馆 | |
| 4 | 1010628 | 210106286 | 教育系资料室/ [索取号:Z126.27/131] | 在馆 | |
| 5 | 1010629 | 210106295 | 第三借阅区/ [索取号:Z126.27/131] | 在馆 | |
| 6 | 1010630 | 210106302 | 第三借阅区/ [索取号:Z126.27/131] | 在馆 |